Statistiques concernant Les plus gros partenaires commerciaux - Pays-Bas

Cliquez ici pour prendre le quiz!

Statistiques générales

  • Ce quiz a été pris 95 fois
  • Le résultat moyen est 19 sur 21

Statistiques - réponses

exportationsimportationspays% Correct
20,0 bil39,0 bilEtats-Unis
100%
48,3 bil17,7 bilFrance
100%
127 bil75,0 bilAllemagne
99%
58,9 bil42,0 bilBelgique
99%
11,5 bil77,3 bilChine
99%
17,3 bil8,79 bilEspagne
98%
50,8 bil24,5 bilRoyaume-Uni
98%
18,4 bilRussie
98%
12,4 bil7,79 bilSuède
98%
22,0 bil10,3 bilItalie
96%
8,71 bilNorvège
95%
7,05 bilSuisse
95%
11,0 bilJapon
93%
13,4 bil9,02 bilPologne
92%
7,47 bilDanemark
88%
6,57 bilBrésil
85%
5,93 bilTurquie
83%
7,06 bilAutriche
82%
6,52 bilIrlande
75%
9,53 bil5,98 bilTchèquie
70%
5,55 bilSingapour
57%

Distribution des résultats

Percentile par nombre de réponses

% des personnes avec chaque résultat

Votre développement - résultats

Vous n’avez pas pris ce quiz